000 01870cam a2200541 i 4500
999 _c4130
_d4130
001 vtls000305467
003 NUKAT
005 20181128092450.0
008 040621s1979 pl a f f |000 0 pol c
020 _a8320401232
035 _azz2004988623
039 9 _a201807111027
_bkoppw
_c201601070917
_dvuwm
_c201504101106
_dvpski
_c201503231431
_dkopugd
040 _aWA U/94ANK
_cWA U/ANK
_dWA U/ANK
041 1 _apol
_heng
100 1 _aBrinch Hansen, Per
_d(1938- ).
240 1 0 _aOperating system principles
_l(pol.)
245 1 0 _aPodstawy systemów operacyjnych /
_cPer Brinch Hansen ; przeł. z ang. Tomasz Müldner.
260 _aWarszawa :
_bWydawnictwa Naukowo-Techniczne,
_c1979.
300 _a351 s. :
_bil. ;
_c24 cm.
490 1 _aSeria Informatyka
504 _aBibliogr. s. 336-341.
521 8 _aDla projektantów systemów operacyjnych, programistów, pracowników naukowych zajmujących się oprogramowaniem maszyn cyfrowych i studentów wydziałów informatycznych wyższych uczelni.
650 _aSystemy operacyjne (informatyka)
_vpodręczniki akademickie.
951 _aKIEL_008
700 1 _aMuldner, Tomasz.
_eTł.
710 2 _aWydawnictwa Naukowo-Techniczne.
_4pbl
_919
830 0 _aInformatyka - Wydawnictwa Naukowo-Techniczne
982 _aBYDG_24
942 _2ddc
_cBK
956 _aKR_119
960 _aGD_U
980 _aSZCZ_U SZCZ_ZUT
983 _aSZCZYT_001